000 00584nam a2200157Ia 4500
001 23415
003 GE_BSU
008 181216s||||||||xx |||||||||||||| ||und||
040 _cGE_BSU
245 _aТеоретическая и математическая физика Том 196 №1 Февраль 2018 июль
245 _cГл.ред.А.А.Славнов
653 _aПериодика
653 _aТеоретическая и математическая физика Том 196 №1 Февраль 2018 июль
653 _aპერიოდიკა
942 _cCR
999 _c56302
_d56302